00381nam a2200169Ia 4500003000400000005001700004008004100021040000700062041000800069082001600077100001600093245003200109260003900141300001300180365001100193440000700204OSt20220915115616.0210719s1990 xx 000 0 und d cAL aeng a657.48 RAMF aRAMAN (B S) aFinancial accounting Vol II aMangalorebUnited Publishersc1990 a1097bHB b65cRs vII